| 000 | 00341nam a22001337a 4500 | ||
|---|---|---|---|
| 003 | ASAB | ||
| 005 | 20180827062621.0 | ||
| 008 | 160307t xxu||||| |||| 00| 0 eng d | ||
| 040 | _cASAB | ||
| 100 |
_aDavid R Hyde _91585 |
||
| 245 | _aGenetic and molecular biology with fundamentals of biostatistics | ||
| 300 | _a1010 p. | ||
| 942 |
_2ddc _cBK |
||
| 999 |
_c480025 _d480025 |
||